000
00232nam a2200097Ia 4500
008
230508s2004 xx 000 0 und d
041
_a
eng
100
_a
SEN.P.C.
245
_a
POWER ELECTRONICS
260
_b
TATA MCGRAW HILL PUB
_c
2004
999
_c
334987
_d
334987